LEADER 01269nam a2200301 a 4500 001 000000145054 003 CaOOAMICUS 005 20150720094547.0 008 150720s1971 fr u000 u fre r 040 $aPUL$bita 245 00$aExégèse et herméneutique /$cRoland Barthes ... [et al.]. 260 $aParis :$bÉditions du Seuil,$c1971. 300 $a361 p. ;$c21 cm 490 1 $aParole de Dieu 500 $aInclude indici. 504 $aBibliografia in nota. 630 04$aBiblia$xEsegesi.$0(OLS)http://pul/subject/21260 630 04$aBiblia$xErmeneutica.$0(OLS)http://pul/subject/20819 700 1 $aBarthes, Roland,$d1915-1980.$0(OLS)http://pul/name/30718 830 0$aParole de Dieu.$0(OLS)http://pul/title/15496 850 $aPUL 852 $aPUL$W1$xDP1 Fondo S. Lanza$y121$m3 K 92$j167601$qFondi$B168175$CPULBib$Z2$F168175 $HLan2374 $82 852 $aPUL$W1$xDP1 Fondo Bordoni$y120$m3 D 14$j166248$b2a copia$qFondi$B173172$CPULBib$Z2$F173172 $HBor293 $81 941 1 $a1 961 $aNota ms. di possesso: Sergio Lanza 996 $6245$aExégèse et herméneutique$9(OLS)http://pul/title/183458 996 $6260$aParis :$bÉditions du Seuil$9(OLS)http://pul/publisher/54032 LEADER 01142nam a2200289 u 4500 001 000000091143 003 CaOOAMICUS 005 20081003153746.0 008 060217s2003 gw u000 u ger u 020 $a3-17-016469-4 035 $a11077681 040 $aPUL$bita 100 1 $aWagner, Harald.$0(OLS)http://pul/name/37721 245 10$aDogmatik /$cHarald Wagner. 260 $aStüttgart :$bKohlhammer,$c2003. 300 $a567 p. ;$c24 cm 490 1 $aKohlhammer Studienbücher Theologie ;$v18 500 $aIndice dei nomi : p.557-567. 504 $aBibliografia : p.539-555. 650 4$aTeologia dogmatica$vCompendi, manuali, ecc.$0(OLS)http://pul/subject/9434 830 0$aKohlhammer Studienbücher Theologie ;$v18.$0(OLS)http://pul/title/58311 850 $aPUL 852 $aPUL$W1$xSL Religione 3$y85$m230. 05 COLL 1.18$j114869$nBK-PRI$qDDC 21$B114869$CPULBib$Z2$F114869 $H100309 $82 941 1 $a9 996 $6020$a3-17-016469-4$9(OLS)http://pul/number/119476 996 $6245$aDogmatik$9(OLS)http://pul/title/117681 996 $6260$aStüttgart :$bKohlhammer$9(OLS)http://pul/publisher/50537